Lassan szaporodnak a körforgalmak Szeged területén 23 ponton körözhetünk néhány év múlva - minikörben, spirálisan és főutakon /
Elmentve itt :
| Szerző: | |
|---|---|
| Dokumentumtípus: | Cikk |
| Megjelent: |
2007-08-04
|
| Sorozat: | Délmagyarország
97 No. 181 |
| Kulcsszavak: | Szeged, Közlekedés útépítés körforgalom Szeged |
| Online Access: | http://dmarchiv.bibl.u-szeged.hu/138643 |
| LEADER | 00601nab a2200157 i 4500 | ||
|---|---|---|---|
| 001 | delm138643 | ||
| 005 | 20191220091726.0 | ||
| 008 | 191220s2007 hu o 0|| hun d | ||
| 040 | |a SZTE Délmagyarország Archívum |b hun | ||
| 041 | |a hun | ||
| 100 | 1 | |a Dombai Tünde | |
| 245 | 1 | 0 | |a Lassan szaporodnak a körforgalmak |h [elektronikus dokumentum] : |b Szeged területén 23 ponton körözhetünk néhány év múlva - minikörben, spirálisan és főutakon / |c Dombai Tünde |
| 260 | |c 2007-08-04 | ||
| 300 | |a 5 | ||
| 490 | 0 | |a Délmagyarország |v 97 No. 181 | |
| 695 | |a Szeged, Közlekedés útépítés körforgalom Szeged | ||